| 000 | 00405nam a2200157Ia 4500 | ||
|---|---|---|---|
| 008 | 230524s9999 xx 000 0 und d | ||
| 082 |
_a621.382 _bJEN |
||
| 100 | _aIan P.Jones | ||
| 245 | 0 | _aMaterials Science For Electrical and Electronic Engineers | |
| 250 | _aIST | ||
| 260 |
_aNEW DELHI _bOxford _c2007 |
||
| 300 | _aXIII;333 | ||
| 500 | _aQuantity Number: 8 | ||
| 650 | _aChemistry | ||
| 942 | _cBK | ||
| 999 |
_c43634 _d43634 |
||